| 000 | 00446ntaaa2200169 4500 | ||
|---|---|---|---|
| 003 | 01 | ||
| 005 | 20251027201302.0 | ||
| 008 | 0714s1973 ag 01 | ||
| 040 |
_aAR-BaBN _bspa _cAR-BaBN _eaacr _dRIC |
||
| 082 | _a221.1000 C79 | ||
| 100 |
_aCoppens, J. _910996 |
||
| 245 | _aOld Testament and the critics | ||
| 250 |
_a1 ed. : _bSt. Anthony Guild, _c1952 |
||
| 300 | _axiii, 167 p. | ||
| 650 | _aBiblia-Antiguo Testamento-Introducción | ||
| 942 | _cBK | ||
| 999 |
_c7221 _d7221 |
||